000 00611nam a2200217 a 4500
001 52812
003 BD-RjUL
005 20211209075850.0
008 160927s1979 ii ||||| |||| 00| 0 eng d
035 _a(BD-RjUL) 52932
040 _aBD-RjUL
_beng
_cBD-RjUL
041 _aeng
082 _223
_a346.066
_bGHN 1979
100 1 _aGhosh, Kshetra Mohan
_9148473
245 1 0 _a1980 supplement to Ghosh :
_bCompany law /
_cKshetra Mohan Ghosh
250 _a12th ed.
260 _aAllahabad :
_bBharat Law House,
_c1979.
300 _aXVI, 143 p. ;
_c24 cm.
650 _aCompanies
_xLaw
_9157930
942 _2ddc
_cBK
999 _c52812
_d52812